[Event "Budapest FS02 IM"]
[Site "Budapest"]
[Date "2025.02.06"]
[Round "6"]
[White "Vandan, Alankar Sawai"]
[Black "Shoshin, Kirill"]
[Result "0-1"]
[WhiteElo "2243"]
[BlackElo "2216"]
[PlyCount "132"]
[EventDate "2025.02.01"]
[EventType "tourn"]
[EventRounds "9"]
[EventCountry "HUN"]
[EventCategory "1"]
[SourceTitle "CB07_2025"]
[SourceDate "2025.02.12"]
[SourceVersion "1"]
[SourceVersionDate "2025.02.12"]
[SourceQuality "1"]

1. e4 c5 2. Nf3 Nc6 3. Bb5 g6 4. 0-0 Bg7 5. c3 Nf6 6. d4 cxd4 7. Re1 Qa5 8. Bxc6 dxc6 9. e5 Nd5 10. Qxd4 Bf5 11. Nbd2 Nc7 12. Nb3 Qd5 13. Qh4 h6 14. c4 Qd8 15. Nfd4 e6 16. Qf4 0-0 17. Bd2 Qe7 18. Qe3 Rfd8 19. Rad1 Bf8 20. Bc3 c5 21. Ne2 b6 22. Ng3 a5 23. Nd2 b5 24. Nde4 bxc4 25. Nf6+ Kh8 26. Nxf5 gxf5 27. g4 Nd5 28. Qf3 fxg4 29. Qe4 Nxf6 30. exf6 Qc7 31. Qxg4 a4 32. Kg2 Rxd1 33. Rxd1 Rd8 34. Rg1 Rd5 35. f4 h5 36. Qf3 Bh6 37. Be5 Qb7 38. Kf1 Qd7 39. Ke1 Rd3 40. Qa8+ Qd8 41. Qxd8+ Rxd8 42. Rg3 Kh7 43. Rc3 Rd3 44. Rxc4 a3 45. Rxc5 axb2 46. Bxb2 Bxf4 47. Rxh5+ Kg6 48. Rh8 e5 49. h4 Kxf6 50. h5 Rh3 51. Kd1 Rh2 52. Rb8 Kg5 53. Rg8+ Kxh5 54. Rh8+ Kg4 55. Rxh2 Bxh2 56. a4 e4 57. a5 Bg1 58. a6 Kf3 59. Kc2 f5 60. Kc3 Ba7 61. Kc4 e3 62. Kd5 e2 63. Bc3 Ke3 64. Kc6 Kd3 65. Be1 f4 66. Kb7 Bd4 0-1

[Event "Titled Tuesday intern op 04th Feb Early"]
[Site "Chess.com INT"]
[Date "2025.02.04"]
[Round "2"]
[White "Ali, Sebbar"]
[Black "Shoshin, Kirill"]
[Result "1-0"]
[WhiteElo "2400"]
[BlackElo "2216"]
[PlyCount "73"]
[EventDate "2025.02.04"]
[EventType "swiss (blitz)"]
[EventRounds "11"]
[EventCountry "USA"]
[SourceTitle "CB07_2025"]
[SourceDate "2025.02.12"]
[SourceVersion "1"]
[SourceVersionDate "2025.02.12"]
[SourceQuality "1"]

1. e4 c5 2. Nc3 e6 3. f4 d5 4. Bb5+ Nc6 5. d3 Nge7 6. exd5 exd5 7. Qe2 Qd6 8. Nf3 Bg4 9. Bxc6+ Qxc6 10. h3 Bxf3 11. Qxf3 d4 12. Ne4 f5 13. Ng5 Qxf3 14. Nxf3 Nc6 15. Bd2 Be7 16. 0-0-0 Kf7 17. Rhe1 Rhe8 18. c4 dxc3 19. Bxc3 Rad8 20. Kc2 Rd5 21. Re2 Red8 22. Rde1 Bf6 23. Bxf6 gxf6 24. a3 Rxd3 25. Re3 R3d5 26. Kc3 b5 27. Nh4 a5 28. Re6 Rd3+ 29. Kc2 Nd4+ 30. Kxd3 Nxe6+ 31. Ke3 Re8 32. Rc1 Nd4+ 33. Kd3 Nb3 34. Rd1 c4+ 35. Kc2 Re2+ 36. Kc3 Re3+ 37. Kc2 1-0

[Event "Titled Tuesday intern op 04th Feb Late"]
[Site "Chess.com INT"]
[Date "2025.02.04"]
[Round "1"]
[White "Ehlvest, Jaan"]
[Black "Shoshin, Kirill"]
[Result "1-0"]
[WhiteElo "2531"]
[BlackElo "2216"]
[PlyCount "65"]
[EventDate "2025.02.04"]
[EventType "swiss (blitz)"]
[EventRounds "11"]
[EventCountry "USA"]
[SourceTitle "CB07_2025"]
[SourceDate "2025.02.12"]
[SourceVersion "1"]
[SourceVersionDate "2025.02.12"]
[SourceQuality "1"]

1. e4 c6 2. d4 d5 3. exd5 cxd5 4. Bd3 Nf6 5. c3 Bg4 6. Nf3 Qc7 7. Qa4+ Bd7 8. Qc2 Nc6 9. h3 Rc8 10. Qe2 g6 11. 0-0 Bg7 12. Bg5 0-0 13. Nbd2 Bf5 14. Bxf5 gxf5 15. Bxf6 Bxf6 16. Ne1 e6 17. Nd3 Kh8 18. Kh1 Rg8 19. g3 Rg7 20. Rae1 Rcg8 21. Nf3 Ne7 22. Nfe5 Bxe5 23. Qxe5 Qxe5 24. Nxe5 Ng6 25. Nd3 h5 26. Kh2 b6 27. Rg1 Kh7 28. a4 a5 29. f3 Rc8 30. Ref1 Rgg8 31. g4 f4 32. gxh5 Nh4 33. Rg4 1-0

[Event "Titled Tuesday intern op 04th Feb Early"]
[Site "Chess.com INT"]
[Date "2025.02.04"]
[Round "1"]
[White "Rychkov, Oleg"]
[Black "Shoshin, Kirill"]
[Result "1-0"]
[WhiteElo "2386"]
[BlackElo "2216"]
[PlyCount "59"]
[EventDate "2025.02.04"]
[EventType "swiss (blitz)"]
[EventRounds "11"]
[EventCountry "USA"]
[SourceTitle "CB07_2025"]
[SourceDate "2025.02.12"]
[SourceVersion "1"]
[SourceVersionDate "2025.02.12"]
[SourceQuality "1"]

1. d4 Nf6 2. c4 e6 3. Nc3 Bb4 4. a3 Bxc3+ 5. bxc3 d6 6. f3 0-0 7. e4 e5 8. h4 Nh5 9. Ne2 Nc6 10. g4 Nf6 11. h5 exd4 12. cxd4 Bxg4 13. fxg4 Nxe4 14. Bg2 Re8 15. 0-0 Qh4 16. Nf4 Ng3 17. Rf2 Nxd4 18. Bb2 Nde2+ 19. Nxe2 Nxe2+ 20. Rxe2 Rxe2 21. Qxe2 Kf8 22. Rf1 Re8 23. Qf2 Qe7 24. h6 gxh6 25. Qd4 Qg5 26. Qh8+ Ke7 27. Bf6+ Kd7 28. Qxe8+ Kxe8 29. Bxg5 hxg5 30. Kf2 1-0

[Event "Budapest FS02 IM"]
[Site "Budapest"]
[Date "2025.02.04"]
[Round "4"]
[White "Shoshin, Kirill"]
[Black "Jakab, Attila"]
[Result "1/2-1/2"]
[WhiteElo "2216"]
[BlackElo "2235"]
[PlyCount "60"]
[EventDate "2025.02.01"]
[EventType "tourn"]
[EventRounds "9"]
[EventCountry "HUN"]
[EventCategory "1"]
[SourceTitle "CB07_2025"]
[SourceDate "2025.02.12"]
[SourceVersion "1"]
[SourceVersionDate "2025.02.12"]
[SourceQuality "1"]

1. d4 d5 2. c4 e6 3. Nc3 Nf6 4. cxd5 exd5 5. Bg5 Nbd7 6. e3 c6 7. Bd3 Be7 8. Qc2 0-0 9. Nge2 Re8 10. 0-0 Nf8 11. f3 Nh5 12. Bxe7 Rxe7 13. Qd2 f5 14. e4 fxe4 15. fxe4 dxe4 16. Nxe4 Bg4 17. Bc4+ Be6 18. Bxe6+ Nxe6 19. Rad1 Qb6 20. g4 Nxd4 21. Nxd4 Rxe4 22. gxh5 Rd8 23. Qf2 h6 24. Qf7+ Kh8 25. Kh1 Rexd4 26. Rde1 Qc5 27. Re8+ Rxe8 28. Qxe8+ Kh7 29. Qg6+ Kg8 30. Qe8+ Kh7 1/2-1/2

[Event "Lignano Bella Italia op 3rd"]
[Site "Lignano Sabbiadoro"]
[Date "2024.08.22"]
[Round "8"]
[White "Fassio, Luca"]
[Black "Shoshin, Kirill"]
[Result "0-1"]
[WhiteElo "2003"]
[BlackElo "2269"]
[PlyCount "63"]
[EventDate "2024.08.17"]
[EventType "swiss"]
[EventRounds "9"]
[EventCountry "ITA"]
[SourceTitle "CBM 221 Extra"]
[Source "ChessBase"]
[SourceDate "2024.09.30"]
[SourceVersion "1"]
[SourceVersionDate "2024.09.30"]
[SourceQuality "1"]

1. e4 c5 2. c3 d5 3. exd5 Qxd5 4. d4 g6 5. dxc5 Qxc5 6. Be3 Qc7 7. Bxa7 Nc6 8. Be3 Bg7 9. Nf3 Nf6 10. Be2 Ng4 11. Qc1 Nxe3 12. Qxe3 0-0 13. Nbd2 e6 14. 0-0 Ne7 15. Bc4 b6 16. Rfe1 Ra5 17. Bb3 Rh5 18. Nf1 Nd5 19. Bxd5 Rxd5 20. Rad1 Rfd8 21. Qe2 Ba6 22. Qc2 Bd3 23. Qc1 e5 24. Ne3 R5d7 25. Nc2 e4 26. Nfd4 Rd5 27. g3 Rh5 28. Nb4 Bh6 29. f4 exf3 30. Qa1 f2+ 31. Kxf2 Rxh2+ 32. Kf3 0-1

[Event "Lignano Bella Italia op 3rd"]
[Site "Lignano Sabbiadoro"]
[Date "2024.08.17"]
[Round "1"]
[White "Shoshin, Kirill"]
[Black "Costalonga, Riccardo"]
[Result "1-0"]
[WhiteElo "2269"]
[BlackElo "2037"]
[PlyCount "81"]
[EventDate "2024.08.17"]
[EventType "swiss"]
[EventRounds "9"]
[EventCountry "ITA"]
[SourceTitle "CBM 221 Extra"]
[Source "ChessBase"]
[SourceDate "2024.09.30"]
[SourceVersion "1"]
[SourceVersionDate "2024.09.30"]
[SourceQuality "1"]

1. d4 Nf6 2. c4 g6 3. Nc3 Bg7 4. e4 d6 5. h3 0-0 6. Bg5 c5 7. d5 e6 8. Nf3 exd5 9. cxd5 a6 10. a4 Re8 11. Bd3 Nbd7 12. 0-0 Qc7 13. Re1 h6 14. Bf4 Nh5 15. Bh2 Ne5 16. Be2 Nd7 17. Nd2 Nhf6 18. Nc4 Bf8 19. Bf1 Rb8 20. a5 b5 21. axb6 Nxb6 22. Na5 Nfd7 23. f4 Bg7 24. e5 Nf8 25. Ne4 Bd7 26. Nxd6 Red8 27. Bxa6 Ra8 28. Bf1 Ba4 29. Qd2 c4 30. Naxc4 Nxc4 31. Nxc4 Qc5+ 32. Qe3 Qb4 33. Nb6 Ra5 34. Rxa4 Rxa4 35. Nxa4 Qxa4 36. b3 Qb4 37. Bc4 Nd7 38. Kh1 Nb6 39. Qe4 Qa5 40. d6 Nd7 41. Bg1 1-0

[Event "Budapest FS08 IM"]
[Site "Budapest"]
[Date "2024.08.10"]
[Round "9"]
[White "Shoshin, Kirill"]
[Black "Adharsh, K."]
[Result "0-1"]
[WhiteElo "2269"]
[BlackElo "2268"]
[PlyCount "66"]
[EventDate "2024.08.03"]
[EventType "tourn"]
[EventRounds "9"]
[EventCountry "HUN"]
[EventCategory "1"]
[SourceTitle "CBM 221 Extra"]
[Source "ChessBase"]
[SourceDate "2024.09.30"]
[SourceVersion "1"]
[SourceVersionDate "2024.09.30"]
[SourceQuality "1"]

1. d4 Nf6 2. c4 g6 3. Nc3 Bg7 4. e4 d6 5. h3 0-0 6. Bg5 c5 7. d5 e6 8. Nf3 exd5 9. cxd5 Qe8 10. Bd3 Nxe4 11. Nxe4 f5 12. 0-0 fxe4 13. Re1 Bf5 14. Bxe4 Bxe4 15. Qe2 h6 16. Bd2 Bxb2 17. Rad1 Bxf3 18. Qxe8 Rxe8 19. Rxe8+ Kf7 20. Rde1 Be5 21. Rc8 Bxd5 22. Bxh6 Ke7 23. f4 Kd7 24. Rf8 Bd4+ 25. Kh2 b5 26. Ree8 Kc7 27. h4 c4 28. h5 gxh5 29. f5 b4 30. Bf4 b3 31. axb3 cxb3 32. Rc8+ Kb7 33. Bxd6 b2 0-1

[Event "Budapest FS08 IM"]
[Site "Budapest"]
[Date "2024.08.08"]
[Round "7"]
[White "Shoshin, Kirill"]
[Black "Midy, Robin"]
[Result "1-0"]
[WhiteElo "2269"]
[BlackElo "2155"]
[PlyCount "51"]
[EventDate "2024.08.03"]
[EventType "tourn"]
[EventRounds "9"]
[EventCountry "HUN"]
[EventCategory "1"]
[SourceTitle "CBM 221 Extra"]
[Source "ChessBase"]
[SourceDate "2024.09.30"]
[SourceVersion "1"]
[SourceVersionDate "2024.09.30"]
[SourceQuality "1"]

1. d4 d5 2. c4 e6 3. Nf3 Nf6 4. g3 Be7 5. Bg2 0-0 6. 0-0 dxc4 7. Qc2 b5 8. a4 b4 9. Nfd2 Nd5 10. Nxc4 c5 11. dxc5 Bxc5 12. e4 Nb6 13. Ncd2 N8d7 14. a5 Ba6 15. axb6 Qxb6 16. Nc4 Bxc4 17. Qxc4 Bxf2+ 18. Kh1 Rac8 19. Qe2 Ne5 20. Nd2 Be3 21. Nb3 Nc4 22. Na5 Bd4 23. Nxc4 Qb5 24. Rd1 Rxc4 25. Bf1 Rfc8 26. Rxd4 1-0

[Event "Budapest FS08 IM"]
[Site "Budapest"]
[Date "2024.08.07"]
[Round "5"]
[White "Shoshin, Kirill"]
[Black "Padhye, Rohan"]
[Result "1/2-1/2"]
[WhiteElo "2269"]
[BlackElo "2276"]
[PlyCount "62"]
[EventDate "2024.08.03"]
[EventType "tourn"]
[EventRounds "9"]
[EventCountry "HUN"]
[EventCategory "1"]
[SourceTitle "CBM 221 Extra"]
[Source "ChessBase"]
[SourceDate "2024.09.30"]
[SourceVersion "1"]
[SourceVersionDate "2024.09.30"]
[SourceQuality "1"]

1. Nf3 d5 2. e3 Nf6 3. c4 e6 4. Nc3 Be7 5. b3 0-0 6. Bb2 Nc6 7. d4 Ne4 8. Be2 Bb4 9. Qc2 Bd7 10. 0-0 Bxc3 11. Bxc3 f5 12. b4 Ne7 13. Bb2 Be8 14. Ne5 Ng6 15. Rac1 Rc8 16. f3 Nf6 17. b5 Nd7 18. Qb3 Ndxe5 19. dxe5 c6 20. cxd5 exd5 21. f4 c5 22. Qa3 b6 23. Rfd1 Bf7 24. Rd2 Be6 25. Rcd1 Ne7 26. Bf3 Qd7 27. Qd3 Rfd8 28. a4 Qe8 29. Qb3 Qf7 30. Qc3 Qe8 31. h3 h6 1/2-1/2

[Event "Budapest FS08 IM"]
[Site "Budapest"]
[Date "2024.08.06"]
[Round "4"]
[White "Krizsany, Laszlo"]
[Black "Shoshin, Kirill"]
[Result "1-0"]
[WhiteElo "2325"]
[BlackElo "2269"]
[PlyCount "93"]
[EventDate "2024.08.03"]
[EventType "tourn"]
[EventRounds "9"]
[EventCountry "HUN"]
[EventCategory "1"]
[SourceTitle "CBM 221 Extra"]
[Source "ChessBase"]
[SourceDate "2024.09.30"]
[SourceVersion "1"]
[SourceVersionDate "2024.09.30"]
[SourceQuality "1"]

1. b3 c5 2. Bb2 Nc6 3. e3 e5 4. c4 g6 5. Nc3 Bg7 6. g3 d6 7. Bg2 h5 8. h4 Nh6 9. Nge2 0-0 10. d3 Bd7 11. Qd2 a6 12. Ne4 Nf5 13. N2c3 Rb8 14. a4 Na5 15. Ra3 b5 16. axb5 axb5 17. Nxb5 Bxb5 18. Qxa5 Qxa5+ 19. Rxa5 Bc6 20. Ra3 Rb6 21. Kd2 Rfb8 22. Bc3 Rxb3 23. Rxb3 Rxb3 24. Ra1 Rb6 25. Ra7 Bf8 26. Nf6+ Kg7 27. Bxc6 Kxf6 28. Bd5 Be7 29. f4 Nxg3 30. fxe5+ dxe5 31. Bxe5+ Kxe5 32. Rxe7+ Kf5 33. Rxf7+ Kg4 34. Rf4+ Kh3 35. d4 Rb2+ 36. Kc3 Ra2 37. dxc5 Ne2+ 38. Kb3 Nc1+ 39. Kb4 Nd3+ 40. Kb5 Nxf4 41. exf4 Kxh4 42. c6 Ra8 43. c7 Rh8 44. Be6 Kg3 45. c8Q Rxc8 46. Bxc8 Kxf4 47. c5 1-0

[Event "Budapest FS08 IM"]
[Site "Budapest"]
[Date "2024.08.04"]
[Round "2"]
[White "Strebkovs, Andrejs"]
[Black "Shoshin, Kirill"]
[Result "0-1"]
[WhiteElo "2278"]
[BlackElo "2269"]
[PlyCount "120"]
[EventDate "2024.08.03"]
[EventType "tourn"]
[EventRounds "9"]
[EventCountry "HUN"]
[EventCategory "1"]
[SourceTitle "CBM 221 Extra"]
[Source "ChessBase"]
[SourceDate "2024.09.30"]
[SourceVersion "1"]
[SourceVersionDate "2024.09.30"]
[SourceQuality "1"]

1. Nf3 d5 2. d4 Nf6 3. c4 dxc4 4. e3 Bg4 5. Bxc4 e6 6. h3 Bh5 7. Nc3 a6 8. g4 Bg6 9. Ne5 Nbd7 10. Nxg6 hxg6 11. Be2 c6 12. Bf3 Qb6 13. g5 Nd5 14. Bg2 Rh4 15. f4 f6 16. gxf6 gxf6 17. 0-0 Bd6 18. Qe1 g5 19. fxg5 fxg5 20. Ne4 Be7 21. Qg3 Qc7 22. Qxc7 Nxc7 23. Bd2 Nd5 24. Nc3 N7f6 25. Be1 Rh7 26. Nxd5 exd5 27. Bg3 g4 28. hxg4 Nxg4 29. Rae1 Kd7 30. e4 Bf6 31. e5 Bg5 32. e6+ Ke7 33. Rf7+ Rxf7 34. exf7+ Kxf7 35. Bh3 Ne3 36. Bf2 Rh8 37. Bd7 Nc4 38. Be6+ Kf6 39. Bg4 Be3 40. b3 Rg8 41. bxc4 Rxg4+ 42. Kf1 Bxf2 43. Kxf2 Rf4+ 44. Kg3 Rxd4 45. cxd5 Rxd5 46. Re8 Ra5 47. Rb8 b5 48. Rb6 Ke5 49. Rxc6 Rxa2 50. Kf3 Kd4 51. Rd6+ Kc5 52. Rh6 a5 53. Ke3 Rc2 54. Kd3 Rc4 55. Rh1 a4 56. Ra1 Kb4 57. Rb1+ Ka5 58. Ra1 Rc8 59. Kd2 b4 60. Rh1 a3 0-1

[Event "Budapest FS08 IM"]
[Site "Budapest"]
[Date "2024.08.03"]
[Round "1"]
[White "Zherebtsova, Alexandra"]
[Black "Shoshin, Kirill"]
[Result "1-0"]
[WhiteElo "2246"]
[BlackElo "2269"]
[PlyCount "113"]
[EventDate "2024.08.03"]
[EventType "tourn"]
[EventRounds "9"]
[EventCountry "HUN"]
[EventCategory "1"]
[SourceTitle "CBM 221 Extra"]
[Source "ChessBase"]
[SourceDate "2024.09.30"]
[SourceVersion "1"]
[SourceVersionDate "2024.09.30"]
[SourceQuality "1"]

1. d4 Nf6 2. c4 c5 3. d5 b5 4. Qc2 Qa5+ 5. Bd2 b4 6. e4 d6 7. f4 g6 8. Bd3 Bg7 9. Nf3 0-0 10. 0-0 Nbd7 11. h3 Rb8 12. e5 Ne8 13. Re1 b3 14. Qd1 Qc7 15. Bc3 bxa2 16. Nbd2 e6 17. dxe6 fxe6 18. Ng5 Nb6 19. Nxh7 Rxf4 20. Bxg6 Bxe5 21. Bxe5 dxe5 22. Ne4 Bb7 23. Qh5 Nxc4 24. Nhg5 Bxe4 25. Bxe4 Rf6 26. Nxe6 Qf7 27. Qg4+ Kh8 28. Ng5 Qg8 29. Rxa2 Rh6 30. Rxa7 Ncd6 31. Rh7+ Rxh7 32. Bxh7 Nf6 33. Bxg8 Nxg4 34. Be6 Nf6 35. Rxe5 c4 36. Nf7+ Nxf7 37. Bxf7 Rxb2 38. Bxc4 Kg7 39. Kh2 Rc2 40. Bd3 Rd2 41. Re3 Nh5 42. Rf3 Kh6 43. Ba6 Kg5 44. Bc8 Rc2 45. Bf5 Rd2 46. Bc8 Rc2 47. Rf8 Rd2 48. Bb7 Ng7 49. Rg8 Kh6 50. Be4 Rd4 51. Rh8+ Kg5 52. h4+ Kf4 53. Bf3 Ke3 54. Kh3 Kf2 55. Bg4 Rd3+ 56. Kh2 Ke3 57. Rg8 1-0

[Event "Budapest SixDays 07 IM-B"]
[Site "Budapest"]
[Date "2024.08.02"]
[Round "7"]
[White "Midy, Robin"]
[Black "Shoshin, Kirill"]
[Result "1-0"]
[WhiteElo "2177"]
[BlackElo "2277"]
[PlyCount "149"]
[EventDate "2024.07.29"]
[EventType "tourn"]
[EventRounds "9"]
[EventCountry "HUN"]
[SourceTitle "CBM 221 Extra"]
[Source "ChessBase"]
[SourceDate "2024.09.30"]
[SourceVersion "1"]
[SourceVersionDate "2024.09.30"]
[SourceQuality "1"]

1. e4 c5 2. Nc3 g6 3. a3 Bg7 4. Bc4 Nc6 5. d3 e6 6. Ba2 Nge7 7. h4 h6 8. h5 g5 9. f4 gxf4 10. Bxf4 Nd4 11. Qd2 Nec6 12. Nd1 Ne5 13. c3 Ndc6 14. Ne3 b6 15. Ne2 Ba6 16. Bb1 Qe7 17. Bc2 Rc8 18. Ng3 Bf6 19. Rd1 Bg5 20. Qf2 Qf6 21. 0-0 Rg8 22. Ne2 d6 23. Bxg5 Qxg5 24. d4 cxd4 25. cxd4 Bxe2 26. Qxe2 Nd7 27. Nc4 Ke7 28. Rf2 Rg7 29. d5 Nce5 30. dxe6 fxe6 31. Nxd6 Rc6 32. Nb5 Ng4 33. Rf3 Qxh5 34. Rh3 Qc5+ 35. Nd4 Rd6 36. Rc3 Qh5 37. Rh3 Qe5 38. Qd2 Ndf6 39. Qb4 Kf7 40. Bb3 Kg6 41. Nf3 Rxd1+ 42. Bxd1 Qf4 43. Qd2 Qc7 44. e5 Qc5+ 45. Kf1 Nd5 46. Qc2+ Qxc2 47. Bxc2+ Kf7 48. Ne1 Ke7 49. Be4 Nf4 50. Rh4 Rg5 51. Bf3 h5 52. Bxg4 hxg4 53. Rh7+ Kd8 54. Rxa7 Rxe5 55. Rg7 Nd5 56. Kf2 Re4 57. Nd3 Rd4 58. Ke2 Re4+ 59. Kd2 Ke8 60. Nf2 Rd4+ 61. Ke2 Nf6 62. Ke3 e5 63. Nd3 Nd5+ 64. Ke2 e4 65. Ne5 Nf6 66. Nxg4 Nh5 67. Rb7 Rd6 68. Ke3 Re6 69. Kd4 Ng3 70. Kd5 Rg6 71. Ne5 Rg5 72. Ke6 Kd8 73. Nf7+ Kc8 74. Nd6+ Kd8 75. Rd7# 1-0

[Event "Budapest SixDays 07 IM-B"]
[Site "Budapest"]
[Date "2024.08.01"]
[Round "6"]
[White "Shoshin, Kirill"]
[Black "Strebkovs, Andrejs"]
[Result "1/2-1/2"]
[WhiteElo "2277"]
[BlackElo "2278"]
[PlyCount "41"]
[EventDate "2024.07.29"]
[EventType "tourn"]
[EventRounds "9"]
[EventCountry "HUN"]
[SourceTitle "CBM 221 Extra"]
[Source "ChessBase"]
[SourceDate "2024.09.30"]
[SourceVersion "1"]
[SourceVersionDate "2024.09.30"]
[SourceQuality "1"]

1. d4 d5 2. Nf3 Nf6 3. Bf4 c5 4. e3 Nc6 5. Nbd2 Qb6 6. dxc5 Qxc5 7. a3 g6 8. c4 dxc4 9. Bxc4 Bg7 10. b4 Qf5 11. Bg3 0-0 12. Rc1 a6 13. Qb3 Nh5 14. Bh4 h6 15. h3 Qd7 16. Ne4 g5 17. g4 gxh4 18. gxh5 Qf5 19. Nfd2 Ne5 20. Be2 Be6 21. Qb1 1/2-1/2

[Event "Budapest SixDays 07 IM-B"]
[Site "Budapest"]
[Date "2024.07.30"]
[Round "2"]
[White "Shoshin, Kirill"]
[Black "Horvath, David G"]
[Result "0-1"]
[WhiteElo "2277"]
[BlackElo "2337"]
[PlyCount "64"]
[EventDate "2024.07.29"]
[EventType "tourn"]
[EventRounds "9"]
[EventCountry "HUN"]
[SourceTitle "CBM 221 Extra"]
[Source "ChessBase"]
[SourceDate "2024.09.30"]
[SourceVersion "1"]
[SourceVersionDate "2024.09.30"]
[SourceQuality "1"]

1. d4 d5 2. Nf3 Nf6 3. Bf4 e6 4. e3 Bd6 5. Ne5 0-0 6. Nd2 c5 7. c3 Qc7 8. Bd3 Nc6 9. Ndf3 b6 10. Nxc6 Bxf4 11. exf4 Qxc6 12. 0-0 Qd6 13. Ne5 cxd4 14. cxd4 Bb7 15. a3 Ne4 16. f3 Nf6 17. Rc1 Rfc8 18. Rxc8+ Rxc8 19. Qe1 Nd7 20. Qh4 Nf8 21. Re1 f6 22. Ng4 Qxf4 23. Qf2 Rc1 24. Rxc1 Qxc1+ 25. Bf1 Ba6 26. Ne3 Ng6 27. g3 Ne7 28. Kg2 Bxf1+ 29. Nxf1 Nc6 30. Ne3 Kf7 31. f4 Nxd4 32. Nxd5 Qc6 0-1

[Event "Budapest SixDays 07 IM-B"]
[Site "Budapest"]
[Date "2024.07.30"]
[Round "3"]
[White "Vidyarthi, Omya"]
[Black "Shoshin, Kirill"]
[Result "0-1"]
[WhiteElo "2087"]
[BlackElo "2277"]
[PlyCount "56"]
[EventDate "2024.07.29"]
[EventType "tourn"]
[EventRounds "9"]
[EventCountry "HUN"]
[SourceTitle "CBM 221 Extra"]
[Source "ChessBase"]
[SourceDate "2024.09.30"]
[SourceVersion "1"]
[SourceVersionDate "2024.09.30"]
[SourceQuality "1"]

1. Nf3 d5 2. c4 d4 3. b4 g5 4. Bb2 Bg7 5. Qa4+ Bd7 6. Qa5 Nc6 7. Qxg5 Bf6 8. Qh5 e5 9. b5 Nb4 10. Na3 Qe7 11. g3 c5 12. Bg2 e4 13. Nh4 d3 14. Bxf6 Nxf6 15. Qg5 dxe2 16. Kxe2 Bg4+ 17. Kf1 0-0-0 18. Re1 Rhg8 19. Qf4 Nd3 20. Rxe4 Nxe4 21. Qxe4 Qd7 22. Qd5 Rge8 23. Qxd7+ Rxd7 24. Nc2 Nxf2 25. Ne3 Rxe3 26. dxe3 Nxh1 27. Bxh1 Rd1+ 28. Kg2 Be6 0-1

[Event "Budapest SixDays 07 IM-B"]
[Site "Budapest"]
[Date "2024.07.29"]
[Round "1"]
[White "Shoshin, Kirill"]
[Black "Hong, Pearson"]
[Result "1-0"]
[WhiteElo "2277"]
[BlackElo "2091"]
[PlyCount "71"]
[EventDate "2024.07.29"]
[EventType "tourn"]
[EventRounds "9"]
[EventCountry "HUN"]
[SourceTitle "CBM 221 Extra"]
[Source "ChessBase"]
[SourceDate "2024.09.30"]
[SourceVersion "1"]
[SourceVersionDate "2024.09.30"]
[SourceQuality "1"]

1. d4 Nf6 2. c4 e6 3. Nc3 Bb4 4. e3 0-0 5. a3 Bxc3+ 6. bxc3 b6 7. Bd3 Bb7 8. f3 c5 9. e4 Nc6 10. Nh3 Ne8 11. Be3 Rc8 12. 0-0 Na5 13. Rc1 Ba6 14. Qe2 Nd6 15. e5 Ndxc4 16. Bg5 f6 17. f4 Qe8 18. exf6 gxf6 19. Bh6 Rf7 20. Rf3 Qe7 21. Rg3+ Kh8 22. Rf1 cxd4 23. cxd4 Bb7 24. f5 e5 25. dxe5 Nxe5 26. Nf4 Nb3 27. Qh5 Qc5+ 28. Kh1 Nxd3 29. Rxd3 Qc4 30. Re1 Nc5 31. Ng6+ Kg8 32. Ne7+ Kh8 33. Nxc8 Ne4 34. Nd6 Qxd3 35. Nxf7+ Kg8 36. Qg4+ 1-0

[Event "Biel HTO 57th"]
[Site "Biel"]
[Date "2024.07.24"]
[Round "9"]
[White "Kaiser, Elmar"]
[Black "Shoshin, Kirill"]
[Result "0-1"]
[WhiteElo "2116"]
[BlackElo "2277"]
[PlyCount "84"]
[EventDate "2024.07.15"]
[EventType "swiss"]
[EventRounds "10"]
[EventCountry "SUI"]
[SourceTitle "CBM 221"]
[Source "ChessBase"]
[SourceDate "2024.08.31"]
[SourceVersion "1"]
[SourceVersionDate "2024.08.31"]
[SourceQuality "1"]

1. d4 Nf6 2. Nf3 e6 3. g3 b5 4. Bg2 Bb7 5. 0-0 c5 6. c3 Nc6 7. Nbd2 Qb6 8. dxc5 Bxc5 9. Nb3 d6 10. a4 a6 11. axb5 axb5 12. Rxa8+ Bxa8 13. Nxc5 dxc5 14. Qd6 Ne4 15. Qd3 f5 16. Be3 Qb8 17. Rd1 0-0 18. Qd7 Re8 19. Bf4 Qd8 20. Qxd8 Rxd8 21. Rxd8+ Nxd8 22. Ng5 c4 23. Nxe4 Bxe4 24. f3 Bb7 25. Bc7 Nf7 26. Kf2 Kf8 27. Ke3 e5 28. Bh3 g6 29. f4 exf4+ 30. gxf4 Ke7 31. Kd4 Kd7 32. Bb8 Nd8 33. Kc5 Bc6 34. e4 Ne6+ 35. Kb6 Bxe4 36. Kxb5 g5 37. Bf1 Bd3 38. Bg2 Nxf4 39. Bxf4 gxf4 40. Kc5 Be2 41. Bh3 Ke6 42. Kd4 h6 0-1

[Event "Biel HTO 57th"]
[Site "Biel"]
[Date "2024.07.20"]
[Round "6"]
[White "Nurgaliyeva, Zarina"]
[Black "Shoshin, Kirill"]
[Result "1/2-1/2"]
[WhiteElo "2135"]
[BlackElo "2277"]
[PlyCount "160"]
[EventDate "2024.07.15"]
[EventType "swiss"]
[EventRounds "10"]
[EventCountry "SUI"]
[SourceTitle "CBM 221"]
[Source "ChessBase"]
[SourceDate "2024.08.31"]
[SourceVersion "1"]
[SourceVersionDate "2024.08.31"]
[SourceQuality "1"]

1. e4 Nf6 2. e5 Nd5 3. d4 d6 4. c4 Nb6 5. exd6 cxd6 6. Nc3 g6 7. Nf3 Bg7 8. h3 0-0 9. Be2 Nc6 10. 0-0 Bf5 11. a3 Rc8 12. b3 d5 13. c5 Nd7 14. b4 e5 15. Bg5 f6 16. Be3 Be6 17. dxe5 Ndxe5 18. Nd4 Nxd4 19. Bxd4 a6 20. Re1 Bf7 21. Bf3 Nc6 22. Ne2 Nxd4 23. Nxd4 f5 24. Rc1 Qf6 25. Nb3 Rfd8 26. Na5 Rc7 27. Qd3 Bf8 28. Rc2 h5 29. Rd1 g5 30. Nc4 g4 31. Be2 Kh8 32. hxg4 fxg4 33. Qg3 Re7 34. Bf1 h4 35. Qxg4 Re4 36. Qf3 Rf4 37. Qc3 d4 38. Qh3 Be6 39. Qh2 d3 40. Rxd3 Rxd3 41. Bxd3 Bxc4 42. Qh3 Qa1+ 43. Kh2 Qe5 44. Kg1 Bxd3 45. Qxd3 Re4 46. Rc1 Bh6 47. Qd8+ Kg7 48. Qd7+ Kg6 49. Rf1 Qe7 50. Qc8 Bf4 51. c6 bxc6 52. Qxc6+ Bd6 53. Qxa6 Qe5 54. f4 Qd4+ 55. Kh1 h3 56. Qc6 Rxf4 57. Qe8+ Kf5 58. Qh5+ Ke6 59. Qe8+ Kd5 60. Qb5+ Ke6 61. Qe8+ Kf6 62. Qh8+ Kg6 63. Qxd4 hxg2+ 64. Kxg2 Rxd4 65. Rf3 Bf4 66. Rb3 Kf5 67. Kf3 Ke6 68. b5 Bb8 69. b6 Kd7 70. Ke3 Rh4 71. Kd3 Kc6 72. b7 Kc7 73. Kc3 Ra4 74. Kb2 Ba7 75. Rb4 Ra6 76. a4 Bb6 77. b8Q+ Kxb8 78. a5 Kb7 79. Rxb6+ Rxb6+ 80. axb6 Kxb6 1/2-1/2